द माइंड जिमः (Record no. 18294)

MARC details
000 -LEADER
fixed length control field 01227nam a22002417a 4500
005 - DATE AND TIME OF LATEST TRANSACTION
control field 20081021161511.0
008 - FIXED-LENGTH DATA ELEMENTS--GENERAL INFORMATION
fixed length control field 081021t xxu||||| |||| 00| 0mar d
010 ## - LCCN (DPL NO)
LC control number MAR-19931
020 ## - INTERNATIONAL STANDARD BOOK NUMBER
Terms of availability 200.00
International Standard Book Number 9788177669435
035 ## - SYSTEM CONTROL NUMBER
System control number MR-12589
037 ## - SOURCE OF ACQUISITION
Source of stock number/acquisition DBAD / PUB
040 ## - CATALOGING SOURCE
Original cataloging agency DPL
Language of cataloging MR
082 ## - DEWEY DECIMAL CLASSIFICATION NUMBER
Classification number 158.1
245 ## - TITLE STATEMENT
Title द माइंड जिमः
Statement of responsibility, etc श्याम भुर्के द्वारा अनुदित
Remainder of title व्यायामशाला पण मनाची /
246 ## - VARYING FORM OF TITLE
Title proper/short title The Mind Jim
Remainder of title Translated by Shayam Bhurke
260 ## - PUBLICATION, DISTRIBUTION, ETC. (IMPRINT)
Place of publication, distribution, etc पुणे
Name of publisher, distributor, etc मेहता पब्लिशिंग हाऊस
Date of publication, distribution, etc 2008
270 ## - ADDRESS
Address 1941,सदाशिव पेठ माडीवाले कॉलनी
City पुणे
Postal code 30
Telephone number 020-24476924
300 ## - PHYSICAL DESCRIPTION
Extent 254 पृ
Dimensions 22सेमी (अजिल्द)
650 ## - SUBJECT ADDED ENTRY--TOPICAL TERM
Topical term or geographic name as entry element Personality Development
650 ## - SUBJECT ADDED ENTRY--TOPICAL TERM
Topical term or geographic name as entry element व्यक्तित्व विकास
942 ## - ADDED ENTRY ELEMENTS (KOHA)
Source of classification or shelving scheme Dewey Decimal Classification
Item type Marathi Books
Classification part 158.1
Call number suffix भुर्केश्या
Holdings
Withdrawn status Lost status Source of classification or shelving scheme Damaged status Not for loan Home library Current library Date acquired Cost, normal purchase price Total Checkouts Full call number Barcode Date last seen Copy number Cost, replacement price Koha item type
    Dewey Decimal Classification   Not For Loan D.B.Act.Division D.B.Act.Division 11/11/2008 200.00   158.1 भुर्केश्या MR-12589 11/11/2008 1 200.00 Marathi Books

© Delhi Public Library
Hit Counter
free hit counter